000 00897nmc a2200349 a 4500
003 AR-BaBNM
005 20251128211437.0
008 034020s1996 ||||||||||||||000 | spa||
020 _a0-521-57874-4
040 _cAR-BaBNM
245 1 0 _aYawning is catching
250 _a1ยช ed.
260 _aNew York
_bCambridge University Press
_c1996
300 _a16 p.
_bil.
490 0 _aThe little library
650 4 _aCUENTOS DE ANIMALES
650 4 _aLITERATURA INFANTIL
650 4 _aLITERATURA INGLESA
650 4 _aINGLES
650 4 _aLITERATURA CONTEMPORANEA
650 4 _aLIBROS PARA NINOS
655 _aLITERATURA
700 1 _aStonestreet, Lyn
_eilustrador
700 1 _aBurkett, Beverley
700 1 _aManning, Denise
700 1 _aRadasi, Lungi
700 1 _aStonestreet, Lyn
800 1 _aHepker, Sue
800 1 _aDaly, Niki
942 _cBK
998 _cmartin
999 _c19721
_d19721